Statistics for European Countries With The Lowest Literacy Rate

Click here to take the quiz!

General Stats

  • This quiz has been taken 34 times
  • The average score is 11 of 15

Answer Stats

%Country% Correct
99.97United Kingdom
94%
95.29Greece
91%
99.00Italy
88%
95.33Portugal
88%
98.05Spain
88%
98.76Romania
84%
99.00France
81%
97.55Albania
72%
97.98Austria
72%
98.97Belgium
69%
99.00Germany
69%
97.84North Macedonia
69%
98.02Serbia
69%
99.02Netherlands
66%
96.00San Marino
25%

Score Distribution

Percentile by Number Answered

Percent of People with Each Score

Your Score History

You have not taken this quiz